Lesly's handbook of public relations and communications

Bibliographic Details
Main Author: Lesly, Philip
Format: Book
Published: Tokyo : Toppan , 1992
Edition:4th ed; rev. & updated for the 90'
Subjects:

MARC

LEADER 00000cam a2200000 7i4500
001 0000001707
002 000001858
005 20000330.0
020 |a 155738133X 
090 0 0 |a 659.2   |b LES 
100 1 |a Lesly, Philip 
245 1 0 |a Lesly's handbook of public relations and communications   |c Philip Lesly 
250 |a 4th ed; rev. & updated for the 90' 
260 |a Tokyo :   |b Toppan ,   |c 1992 
300 |a 874p. ;   |c 23cm. 
650 0 0 |a Communication 
650 0 0 |a Public relations 
999 |a 034097   |b BUKU   |c PINJAMAN   |e PERPUSTAKAAN KOMUNITI PETALING JAYA